| 000 | 00685nam a2200205 i 4500 | ||
|---|---|---|---|
| 001 | bg | ||
| 100 | 1 | _aKLEINHANSS, Karl | |
| 245 | 0 |
_aSeilkonstruktionon-Beitrag zur Berachnung von Seilen und Seilnetzen mit Berücksichtigung der Theorie II. Ordnung und elastisch nachgiebiger Lagerung / _cbericht. von Karl Kleinhanss. |
|
| 260 |
_aDusseldorf : _bWerner, _c1974. |
||
| 490 | 1 |
_aWeitgespannte Flächentragwerke ; _v12 |
|
| 650 | 9 | _aKonstrukcje budowlane | |
| 830 | _aWeitgespannte Flächentragwerke ; | ||
| 020 | _a3804123317 | ||
| 040 | _cBPK | ||
| 041 | _apol | ||
| 080 | _a624.01/.07 | ||
| 920 | _a3-8041-2331-7 | ||
| 942 | _cKS | ||
| 008 | s pl f |000 0 pol | ||
| 999 |
_c18273 _d18273 |
||
| 856 |
_uhttp://koha.tu.koszalin.pl/cgi-bin/koha/opac-detail.pl?biblionumber=18273 _yKatalog online BPK |
||